| 000 | 00932nam a22002777a 4500 | ||
|---|---|---|---|
| 001 | 00260 | ||
| 003 | DO-SdBNP | ||
| 005 | 20180126114053.0 | ||
| 008 | 151111b 1989 sp ||||| |||| 00| 0 spa d | ||
| 020 | _a8431031735 | ||
| 040 |
_aBPMSU _bspa _cBPMSU |
||
| 041 | 1 | 7 |
_aspa _heng |
| 092 |
_axxxxx _bxxxxx |
||
| 100 | 1 |
_4Stine, R. L., _61943- |
|
| 245 | 1 | 0 |
_aIndiana Jones y los gigantes de la torre de plata / _cR. L. Stine ; illustrado por David B. Mattingly ; traducción de Consuelo González de Ortega. |
| 260 |
_aBarcelona : _bEdiciones Toray, _c1989. |
||
| 300 |
_a122 p. _bil. ; _c18 cm. |
||
| 490 | 1 |
_aEscoge tu propia aventura _v3 |
|
| 534 | _aIndiana Jones and the giants of the silver tower. | ||
| 700 | 1 | 2 |
_aGonzález de Ortega, Consuelo, _etr. |
| 700 | 1 | 2 |
_aMattingly, David B., _eil. |
| 830 | 0 |
_aEscoge tu propia aventura ; _n3 |
|
| 942 |
_2ddc _cBK |
||
| 945 | _aInventariado, 2018 /LP | ||
| 956 |
_aLOPEREZ _b10 |
||
| 999 |
_c8644 _d8644 |
||